Institute of Quantity Surveyors (Record no. 119369)
[ view plain ]
| 000 -LEADER | |
|---|---|
| fixed length control field | 00705cas a22002055a 4500 |
| 001 - CONTROL NUMBER | |
| control field | L154864 |
| 008 - FIXED-LENGTH DATA ELEMENTS--GENERAL INFORMATION | |
| fixed length control field | 120124d19701978xxkbr p 0 a0eng u |
| 035 ## - SYSTEM CONTROL NUMBER | |
| System control number | (Sirsi) u154864 |
| 041 0# - LANGUAGE CODE | |
| Language code of text/sound track or separate title | eng |
| 110 2# - MAIN ENTRY--CORPORATE NAME | |
| Corporate name or jurisdiction name as entry element | Institute of Quantity Surveyors |
| 9 (RLIN) | 2491 |
| 245 00 - TITLE STATEMENT | |
| Title | Institute of Quantity Surveyors |
| Remainder of title | Annual Report |
| 260 ## - PUBLICATION, DISTRIBUTION, ETC. | |
| Place of publication, distribution, etc. | London |
| Name of publisher, distributor, etc. | IQS |
| Date of publication, distribution, etc. | 1968-1978 |
| 362 ## - DATES OF PUBLICATION AND/OR SEQUENTIAL DESIGNATION | |
| Dates of publication and/or sequential designation | 1968-1978 |
| 520 ## - SUMMARY, ETC. | |
| Summary, etc. | Annual reports from 1968-69, 1971-72, 1973-74, 1975, 1976, 1977, 1978. Missing 1970. |
| 520 ## - SUMMARY, ETC. | |
| Summary, etc. | Annual report 1975 contains Memorandum and Articles of Association and Bye-Laws: Amendment List No. 1. |
| 554 ## - | |
| -- | One per year |
| 651 #4 - SUBJECT ADDED ENTRY--GEOGRAPHIC NAME | |
| Geographic name | United Kingdom |
| Chronological subdivision | |
| 690 ## - LOCAL SUBJECT ADDED ENTRY--TOPICAL TERM (OCLC, RLIN) | |
| Topical term or geographic name as entry element | Quantity surveying |
| 9 (RLIN) | 6263 |
| 942 ## - ADDED ENTRY ELEMENTS (KOHA) | |
| Suppress in OPAC | 0 |
| Withdrawn status | Lost status | Source of classification or shelving scheme | Damaged status | Not for loan | Home library | Current library | Shelving location | Date acquired | Total Checkouts | Full call number | Barcode | Date last seen | Price effective from | Koha item type |
|---|---|---|---|---|---|---|---|---|---|---|---|---|---|---|
| Dewey Decimal Classification | London | London | Basement | 24/01/2012 | IQS ANNUAL REPORT | 154864-1001 | 06/08/2019 | 06/08/2019 | Journal |